000 01012nam a2200241 a 4500
001 000338367
003 AM-YeHGA
005 20250618072119.0
008 040527s2004 ai |||||r|||||||||1|arm|d
020 _a9993063118
040 _aAM-YeHGA
041 1 _aarm
_hrus
245 1 0 _aԾիծաղի արքաները :
_b[Երգիծական մանրապատումներ և պատմվածքներ] /
_cԱ. Ավերչենկո, Մ. Զոշչենկո ; Թարգմ.՝ Օ. Սանահյան ; Խմբ.՝ Ս. Մկրտչյան ; Նկ.՝ Ա. Օհանյան.
260 _aԵրևան :
_bԱնահիտ,
_c2004.
300 _a224 էջ :
_bնկ. ;
_c20 սմ.
650 1 4 _aՌուս գրականություն
_xՊատմվածք
_94645
653 0 _aԵրգիծանք և հումոր
700 1 _aՍանահյան, Օլգա Հարությունի,
_d1920-2013
_eթարգմ.
_4trl
_92345
700 1 _aՄկրտչյան, Ս.
_eխմբ.
_4edt
700 1 _aՕհանյան, Արայիկ
_eնկ.
_4art
942 _2udc
_cBK
090 _c129292
999 _c127928
_d127928